500 personnages Disney par images - Statistiques

Statistiques générales
  • Ce quiz a été pris 405 fois
    361 depuis la dernière actualisation
  • Le résultat moyen est 171 sur 500
Statistiques - réponses
Par images Réponse % Correct
Blanche-neige
99%
Pinocchio
94%
Simplet
93%
Dumbo
92%
Grincheux
92%
Bambi
91%
Cendrillon
88%
Geppetto
86%
Mickey
85%
La fée Clochette
84%
Pan-pan
84%
Peter Pan
84%
Capitaine Crochet
83%
Alice
82%
Prof
82%
Winnie l'Ourson
82%
Le Prince
81%
Aladdin
80%
Ariel
80%
Aurore
80%
Belle
80%
Jasmine
80%
Mowgli
80%
Cruella d'enfer
79%
Génie
79%
La Bête
79%
Maléfique
79%
Simba
79%
Dormeur
77%
Atchoum
76%
Baloo
76%
Jafar
76%
Mufasa
76%
Mulan
76%
Nala
76%
Porcinet
76%
Robin des bois
76%
Scar
76%
Tigrou
76%
Wendy Darling
76%
Mary Poppins
75%
Reine Grimhilde
75%
Dory
74%
Lilo Pelekaï
74%
Némo
74%
Pocahontas
74%
Stitch
74%
Tarzan
74%
Timon
74%
Buzz l'éclair
73%
Esmeralda
73%
Hercule
73%
Merlin
73%
Polochon
73%
Woody
73%
Joyeux
72%
Rox
72%
Anna
71%
Joie
71%
Raiponce
71%
Ursula
71%
Bernard
70%
Bianca
70%
Clochard
70%
Colère
70%
Elsa
70%
Javotte
70%
La reine de cœur
70%
Marie
70%
Monsieur Patate
70%
Olaf
70%
Quasimodo
70%
Timide
70%
Picsou
69%
Zeus
69%
Dégoût
68%
Gaston
68%
Gus
68%
Hades
68%
Jane
68%
Rémy
68%
Tristesse
68%
Vaiana
68%
Volt
68%
Anastasie
67%
Bourriquet
67%
Dingo
67%
Rouky
67%
Lumière
66%
Sébastien
66%
Chapelier fou
65%
Duchesse
65%
Kuzco
65%
Tiana
65%
Daisy
64%
Eric
64%
Flash McQueen
64%
Madame Patate
64%
Peur
64%
Fifi
63%
Ralph
63%
Wall-E
63%
Jiminy Cricket
62%
Loulou
62%
Mérida
62%
Monsieur Mouche
62%
Pégase
62%
Arthur
61%
Flynn Rider
61%
Riri
61%
Sven
61%
Lady
60%
Rafiki
60%
Abu
59%
Andy
59%
Donald
59%
Pumbaa
59%
Toulouse
59%
Barbie
57%
Berlioz
57%
Fleur
57%
Jacques Sullivan
57%
Kaa
57%
Kristoff
57%
Martin
57%
Bob Razowski
56%
Violette Parr
56%
Jessie
55%
Judy Hopps
55%
Mushu
55%
Vanellope
55%
EVE
54%
Ken
54%
Le lapin blanc
54%
Marin
54%
Mégara
54%
Zigzag
54%
Iago
53%
Rex
53%
Roi Triton
53%
Zazu
53%
Maui
52%
Pongo
52%
Edna Mode
51%
Hans
51%
Lucifer
51%
Raya
51%
Thomas O'malley
51%
Arlo
50%
Bagheera
50%
Bruno Madrigal
50%
Fourchette
50%
Prince Philippe
50%
La Bergère
49%
La fée bleue
48%
Nick Wilde
48%
Riley Andersen
48%
Shere Khan
48%
Jack-Jack Parr
47%
Luca Paguro
47%
Big Ben
46%
Elastigirl
46%
Linguini
46%
Marianne
46%
Mère Gothel
46%
Miguel Rivera
46%
Perdita
46%
Petit Jean
46%
Sultan
46%
Flèche Parr
45%
Mirabel Madrigal
45%
John Smith
44%
Naveen
44%
Robert Parr
44%
Taram
44%
Coco Lapin
43%
Oliver
43%
Pimprenelle
43%
Sally
43%
Basil
42%
Bouh
42%
Edgar
42%
Figaro
42%
Maximus
42%
Zip
42%
Flam Lumen
41%
Madame Samovar
41%
Jean Darling
40%
Docteur Facilier
39%
Max
39%
Baymax
38%
Elliott
38%
Frozone
38%
Jean-Christophe
38%
Petit Gourou
38%
Yzma
38%
Claude Frollo
37%
Cléo
37%
Ed
37%
HeiHei
37%
Koda
37%
Kronk
37%
Li Shang
37%
Maman Gourou
37%
Mélodie
37%
Pile-Poil
37%
Aliens
36%
Archimède
36%
Carl Fredricksen
36%
Chicken Little
36%
Ernesto de la Cruz
36%
Flora
36%
Grand-mère Feuillage
36%
Michel Darling
36%
Rajah
36%
Lady Tremaine
35%
Lotso
35%
Nani Pelekaï
35%
Roi Louie
35%
Russell
35%
Sarabi
35%
Bing Bong
34%
Doug
34%
Jaq
34%
Kiara
34%
Louis
34%
Peter
34%
Pua
34%
Ray
34%
Zurg
34%
Colette Tatou
33%
LeFou
32%
Le roi
32%
Meeko
32%
Ondine
32%
Paquerette
32%
Prince Jean
32%
Sid
32%
Fée-marraine
31%
Hiro Hamada
31%
Le roi Stéphane
31%
Maurice
31%
Panique
31%
Pat Hibulaire
31%
Syndrôme
31%
Chat de Cheshire
30%
Félix Fix Jr.
30%
Léon
30%
Madame Mim
30%
Roger
30%
Anita
29%
Auguste Gusteau
29%
Bayonne
29%
Maître Hibou
29%
Peine
29%
Héctor
27%
Noa
27%
Shenzi
27%
Stromboli
27%
Timothée
27%
Adam
26%
Asha
26%
Kovu
26%
Mama Odie
26%
Milo Thatch
26%
Patch
26%
Philibert
26%
Philoctète
26%
Dante
25%
Emile
25%
La chenille
25%
Le lièvre de Mars
25%
Monstro
25%
Pacha
25%
Ratigan
25%
Banzai
24%
Frère Tuck
24%
Grand coquin
24%
Roquefort
24%
Abuela Alma Madrigal
23%
Germaine
23%
Horace
23%
Jasper
23%
Kevin
23%
Shan-Yu
23%
Clayton
22%
Colonel Ratcliffe
22%
Doc Hudson
22%
Madame Médusa
22%
Sa Sucrerie
22%
Célia
21%
Luigi
21%
Phoebus
21%
Anton Ego
20%
Bonnie
20%
Féline
20%
Kida Nedakh
20%
Penny
20%
Rosélia
20%
Siffli
20%
Tilt
20%
Amélia
19%
Amélie
19%
David Kawena
19%
Gédéon
19%
Iridessa
19%
Jumba Jookiba
19%
Lafayette
19%
Madame Jumbo
19%
Muche
19%
Tantor
19%
Truc
19%
Tweedle Dee / Tweedle Dum
19%
Cobra Bubbles
18%
Cristal
18%
Frou-frou
18%
Jim Hawkins
18%
Kerchak
18%
Napoléon
18%
Prince Henri
18%
Flack Delamare
17%
Nanny
17%
Sisu
17%
Zaza
17%
Alberto Scorfano
16%
Darling
16%
Kenai
16%
Kocoum
16%
Mitaine
16%
Terence
16%
Triste sire
16%
Eloïse
15%
Kala
15%
Morgana
15%
Oncle Waldo
15%
Papi Pépite
15%
Reine Elinor
15%
Scat Cat
15%
Tok
15%
Zira
15%
22
14%
Charles Muntz
14%
Gabby Gabby
14%
Grand Duc
14%
Guido
14%
Hank
14%
Le borgne
14%
Monsieur Loyal
14%
Roublard
14%
Adélaïde de Bonnefamille
13%
César
13%
Destinée
13%
Lumpy
13%
Roxanne
13%
Skinner
13%
Tante Sarah
13%
Big Mama
12%
Ian
12%
Jeanne Banks
12%
Jock
12%
Leroy
12%
Michaël Banks
12%
Mirage
12%
Bouton d'Or
11%
Clopin
11%
Djali
11%
Francesco Bernoulli
11%
Le Démolisseur
11%
Pikly
11%
Roi Fergus
11%
Shanti
11%
Trixie
11%
Aladar
10%
Capitaine Gantu
10%
Chef
10%
Crapule
10%
Hannah
10%
Jane
10%
Joe Gardner
10%
John Rolfe
10%
Le cocher
10%
Meilin Lee
10%
Olivia
10%
Star
10%
Vitani
10%
Atta
9%
Bailey
9%
Bert
9%
Georges Banks
9%
Georgette
9%
Giulia Marcovaldo
9%
José Carioca
9%
Le boulanger
9%
Maggie
9%
Nuka
9%
Veuve Tartine
9%
Vixy
9%
Zarina
9%
Archimède Q. Porter
8%
Bunny
8%
Capitaine Amélia
8%
Chick Hicks
8%
David Q. Dawson
8%
Ducky
8%
Fillmore
8%
Henry J. Waternoose
8%
Le grand prince de la forêt
8%
Namaari
8%
Sergent
8%
Sheriff
8%
Sitka
8%
Angélique
7%
Auto
7%
Denahi
7%
Duke Caboom
7%
Elizabeth
7%
Finn McMissile
7%
Flambeau
7%
Flo
7%
Gurki
7%
Kron
7%
Lewis
7%
Madeleine
7%
Maestro Forte
7%
Ouragan
7%
Seigneur des ténèbres
7%
Valentino
7%
Ange
6%
Cassim
6%
Gaetan Molière
6%
John Silver
6%
Panchito Pistoles
6%
Spot
6%
Abby
5%
Abis Mal
5%
Alameda Slim
5%
Amos Slade
5%
Audrey Ramirez
5%
Cruz Ramirez
5%
Dolly
5%
Ethan Clade
5%
Fagin
5%
Fifre
5%
Fish
5%
Frère ours
5%
Frère renard
5%
Grognon
5%
Holley Shiftwell
5%
Jackson Storm
5%
Jim
5%
Lenny
5%
Rhino
5%
Scamp
5%
Amadou Gentil
4%
B.E.N
4%
Miles Axlerod
4%
Professeur Zündapp
4%
Reuben
4%
Sox
4%
Sykes
4%
Wilbur
4%
Barley
3%
Boulard
3%
Bruton
3%
Buck
3%
Caïd
3%
Courant d'Air
3%
Dijon
3%
Grace
3%
Hamsterviel
3%
Jack la Chance
3%
Merlock
3%
Miss Caloway
3%
Neera
3%
Nita
3%
Prudence
3%
Ranjan
3%
Ronno
3%
Sarousch
3%
Scroop
3%
Searcher Clade
3%
Vincenzo Santorini
3%
Zugor
3%
Abigail Hardscrabble
2%
Benny
2%
Bridget
2%
Cash
2%
Dixie
2%
Docteur Delbert Doppler
2%
Don Carlton
2%
Evelyn Deavor
2%
Jaeger Clade
2%
Ming Lee
2%
Nigel
2%
Ryan
2%
Sa'Luk
2%
Samson
2%
Squishy Squibbles
2%
Winston Deavor
2%
Zelda
2%
Aucun quiz correspondant
Distribution des résultats
% des personnes avec chaque résultat
Percentile par nombre de réponses
Votre historique - résultats
Vous n’avez pas pris ce quiz depuis la dernière actualisation